000 00484nam a2200181 a 4500
001 1769763990926
003 YourLibrary
005 20260131161943.0
008 260130s2008##################000#0#eng##
020 _a9780199549108
082 0 4 _a332.024014
_bAME
100 1 _aAmeriks, John,
_eauthor.
245 1 0 _aRecalibrating Retirement Spending and Saving :
260 _c2008.
650 0 _aBusiness & Economics.
942 _cENGLISH
040 _aYourLibrary
_beng
_cYourLibrary
999 _c609515
_d609515